Pitch Perfect _ Les Bellas de Barden - Statistiques

Statistiques générales
  • Ce quiz a été pris 40 fois
  • Le résultat moyen est 8 sur 11
Statistiques - réponses
Par images Réponse % Correct
Beca Mitchell
100%
Amy la baleine
88%
Chloe Beale
88%
Aubrey Posen
76%
Emily Junk
76%
Cynthia-Rose Adams
68%
Stacie Conrad
65%
Lilly Onakuramara
62%
Jessica Smith
59%
Ashley Jones
56%
Flo Fuentes
26%
Aucun quiz correspondant
Distribution des résultats
% des personnes avec chaque résultat
Percentile par nombre de réponses
Votre historique - résultats
Vous n’avez pas pris ce quiz